00329nam a2200121Ia 4500008004100000041000800041082001200049100002100061245004500082260003900127300003000166365001100196240624s9999 xx 000 0 und d aeng a658 LAL aKIDWAI NAINA LAL a30 WOMEN IN POWER THEIR VOICES THEIR STO c2015aNew DelhibRupa Publications axxv, : 293 : p. : cm ; 25 cRSb30